000 00541nam a22001937a 4500
999 _c153410
_d153410
005 20181217162614.0
010 _aENG-123386
020 _c199.00
_a9789352832453
035 _aEN-106918
037 _bDBAD/PUB
082 _a510
100 _aThorpe, Showick
245 0 0 _aAnalytical skills :
_cby Thorpe, Showick
260 _aNew Delhi
_bS. Chand and Company
_c2018
270 _a7361, Ram Nagar,
_bNew Delhi
_e110055
300 _avarious pageing
_c27cm(pbk)
_bill.
942 _2ddc
_cEN
_mTHO
_h510